[Event "Zuerich Seniors op 06th"]
[Site "Zuerich"]
[Date "2008.01.30"]
[Round "3"]
[White "Kindler, Walter"]
[Black "Dean, Robert"]
[Result "1-0"]
[WhiteElo "1691"]
[BlackElo "1550"]
[PlyCount "99"]
[EventDate "2008.01.28"]
[EventType "swiss"]
[EventRounds "9"]
[EventCountry "SUI"]
[SourceTitle "EXT 2022"]
[Source "ChessBase"]
[SourceDate "2021.10.06"]
[SourceVersion "1"]
[SourceVersionDate "2021.10.06"]
[SourceQuality "1"]

1. Nf3 Nc6 2. g3 e5 3. d3 Nf6 4. Nbd2 Be7 5. Bg2 0-0 6. 0-0 d5 7. c3 Bd6 8. Re1 Re8 9. e4 dxe4 10. dxe4 Ne7 11. Nc4 Ng6 12. Bg5 h6 13. Bxf6 Qxf6 14. Nxd6 Qxd6 15. Qxd6 cxd6 16. Rad1 Re6 17. Rd2 b6 18. Red1 Bb7 19. Ne1 Rd8 20. Nc2 Ne7 21. Ne3 b5 22. Nf5 Nc8 23. f3 g6 24. Nxh6+ Kg7 25. Ng4 Nb6 26. Ne3 a6 27. g4 Rd7 28. g5 Rd8 29. Bh3 Re7 30. Rxd6 Rxd6 31. Rxd6 Na4 32. Nd1 Nc5 33. b4 Na4 34. Kf2 Rc7 35. Rd7 Rxd7 36. Bxd7 Nb6 37. Bh3 Nc4 38. Ke2 Nd6 39. Nf2 Nc4 40. Nd3 Kg8 41. Nc5 Nd6 42. Kd3 Kg7 43. Nxb7 Nxb7 44. c4 bxc4+ 45. Kxc4 f6 46. gxf6+ Kxf6 47. Kd5 a5 48. b5 Kg5 49. a4 Kf4 50. Bc8 1-0